ბათუმის შოთა რუსთაველის სახელმწიფო უნივერსიტეტის ბიბლიოთეკა

დიპლომატური და ბიზნეს– ეტიკეტი უცხოელებთან ურთიერთობის ზოგადი წესები (ბიბ.ჩანაწერი № 34910)

000 -LEADER
fixed length control field 00833nam a2200217Ia 4500
001 - CONTROL NUMBER
control field 737
003 - CONTROL NUMBER IDENTIFIER
control field GE_BSU
008 - FIXED-LENGTH DATA ELEMENTS--GENERAL INFORMATION
fixed length control field 181216s||||||||xx |||||||||||||| ||und||
040 ## - CATALOGING SOURCE
Transcribing agency GE_BSU
080 ## - UNIVERSAL DECIMAL CLASSIFICATION NUMBER
Universal Decimal Classification number 341.76+327+338.22+395.6
100 ## - MAIN ENTRY--PERSONAL NAME
Personal name ჯოლია, გურამ
245 ## - TITLE STATEMENT
Title დიპლომატური და ბიზნეს– ეტიკეტი უცხოელებთან ურთიერთობის ზოგადი წესები
245 ## - TITLE STATEMENT
Statement of responsibility, etc. რედ:სოსო ცინცაძე
260 ## - PUBLICATION, DISTRIBUTION, ETC.
Place of publication, distribution, etc. თბილისი
260 ## - PUBLICATION, DISTRIBUTION, ETC.
Date of publication, distribution, etc. 2004
300 ## - PHYSICAL DESCRIPTION
Extent 295 გვ.
653 ## - INDEX TERM--UNCONTROLLED
Uncontrolled term დიპლომატიური ეტიკეტი
653 ## - INDEX TERM--UNCONTROLLED
Uncontrolled term უცხოელებთან ურთიერთობის წესები;
942 ## - ADDED ENTRY ELEMENTS (KOHA)
Koha item type წიგნი
ეგზემპლარები
Withdrawn status Lost status Damaged status Not for loan Date acquired Barcode Date last seen Price effective from Koha item type
        2018-12-17 1832 2018-12-17 2018-12-17 წიგნი
        2018-12-17 1039 2018-12-17 2018-12-17 წიგნი